Every Wrestlemania Main Event - Statistics

General Stats
  • This quiz has been taken 22 times
  • The average score is 19 of 45
Answer Stats
# Match Match Type % Correct
WM40 Night 2 Roman Reigns vs Cody Rhodes Bloodline Rules for Undisputed WWE Universal Title
75%
WM39 Night 2 Cody Rhodes vs Roman Reigns Undisputed WWE Universal Title
69%
WM3 Andre The Giant vs Hulk Hogan WWF World Title, Irresistible Force vs Immovable Object
63%
WM38 Night 2 Brock Lesnar vs Roman Reigns Winner Takes all WWE Title and Universal Title
63%
WM34 Roman Reigns vs Brock Lesnar Universal Title
63%
WM12 Bret Hart vs Shawn Michaels Hour long Iron Man Match for WWF World Title
56%
WM26 Shawn Michaels vs The Undertaker Career vs Streak
56%
WM35 Charlotte Flair vs Ronda Rousey vs Becky Lynch Triple Threat Winner Takes All Women´s Raw and Smackdown Titles
50%
WM18 Chris Jericho vs Triple H Undisputed WWF Title, the dog build
50%
WM27 John Cena vs The Miz WWE Title
50%
WM28 John Cena vs The Rock Once in a Life Time
50%
WM37 Night 1 Sasha Banks vs Bianca Belair Smackdown Women´s Title
50%
WM29 The Rock vs John Cena Twice in a Life Time for WWE Title
50%
WM15 The Rock vs Steve Austin No Dq match for the WWF Title
50%
WM17 The Rock vs Steve Austin No Dq match for the WWF Title
50%
WM39 Night 1 The Usos vs Sami Zayn & Kevin Owens Tag Team Match for Undisputed Tag Titles
50%
WM10 Yokozuna vs Bret Hart WWF World Title
50%
WM9 Yokozuna vs Hulk Hogan WWF World Title, After the original main event
50%
WM36 Night 1 AJ Styles vs The Undertaker Boneyard Match
44%
WM6 Hulk Hogan vs The Ultimate Warrior WWF World Title vs Intercontinental Title
44%
WM38 Night 1 Kevin Owens vs Steve Austin Started out as just an invitation, No Dq Match
44%
WM25 Randy Orton vs Triple H WWE Championship
44%
WM5 Randy Savage vs Hulk Hogan WWF World Title
44%
WM13 Sycho Sid vs The Undertaker WWF World Title, one of the wrestler may have crapped themselves
44%
WM40 Night 1 Cody Rhodes & Seth Rollins vs The Rock & Roman Reigns Tag Team Match to decide Night 2 Stipulation
38%
WM24 Edge vs The Undertaker World Heavyweight Title
38%
WM2 King Kong Bundy vs Hulk Hogan Steel Cage Match for the WWF World Title
38%
WM1 Roddy Piper & Paul Orndorff vs Hulk Hogan & Mr. T Tag Team Match
38%
WM7 Sgt. Slaughter vs Hulk Hogan WWF World Title
38%
WM23 Shawn Michaels vs John Cena WWE Title
38%
WM14 Shawn Michaels vs Steve Austin WWF Title, some say the start of the Attitude Era
38%
WM4 Ted Dibiase vs Randy Savage Tournament Final for WWF World Title
38%
WM22 Triple H vs John Cena WWE Title
38%
WM20 Triple H vs Shawn Michaels vs Chris Benoit Triple Threat Match for the World Heavyweight Title
38%
WM11 Bam Bam Bigelow vs Lawrence Taylor Wrestler vs Celebrity
31%
WM19 Kurt Angle vs Brock Lesnar WWE Championship
31%
WM31 Roman Reigns vs Brock Lesnar *vs Seth Rollins* MITB Cash In for WWE World Heavyweigh Title
31%
WM8 Sid Justice vs Hulk Hogan Built as a retirement match for one of the wrestlers
31%
WM32 Triple H vs Roman Reigns WWE Title
31%
WM30 Batista vs Randy Orton vs Daniel Bryan Triple Threat for WWE World Heavyweight Title
25%
WM33 The Undertaker vs Roman Reigns No DQ Match
25%
WM21 Triple H vs Batista World Heavyweight Title
25%
WM36 Night 2 Brock Lesnar vs Drew Mcintyre WWE Title
19%
WM37 Night 2 Daniel Bryan vs Edge vs Roman Reigns Triple Threat for Universal Title
19%
WM16 Mick Foley vs The Big Show vs The Rock vs Triple H Four-Way Elimination Match for WWF Title
6%
No matching quizzes found
Score Distribution
Percent of People with Each Score
Percentile by Number Answered
Your Score History
You have not taken this quiz